000 00210nam a2200085Ia 4500
008 120527s9999 xx 000 0 und d
100 _aShaw & Lucas
245 _aThe psychiatric disorder of childhood
942 _cBK
999 _c27389
_d27389